Chemistry & chemical reactivity / (Record no. 3219)
[ view plain ]
| 000 -LEADER | |
|---|---|
| fixed length control field | 01083cam a2200313 a 4500 |
| 001 - CONTROL NUMBER | |
| control field | 15064918 |
| 003 - CONTROL NUMBER IDENTIFIER | |
| control field | GZU |
| 005 - DATE AND TIME OF LATEST TRANSACTION | |
| control field | 20201123103312.0 |
| 008 - FIXED-LENGTH DATA ELEMENTS--GENERAL INFORMATION | |
| fixed length control field | 071031s2009 caua b 001 0 eng |
| 010 ## - LIBRARY OF CONGRESS CONTROL NUMBER | |
| LC control number | 2007940546 |
| 020 ## - INTERNATIONAL STANDARD BOOK NUMBER | |
| International Standard Book Number | 9780495387039 (student ed.) |
| 020 ## - INTERNATIONAL STANDARD BOOK NUMBER | |
| International Standard Book Number | 0495387037 (student ed.) |
| 040 ## - CATALOGING SOURCE | |
| Original cataloging agency | DLC |
| Transcribing agency | DLC |
| Modifying agency | DLC |
| 050 00 - LIBRARY OF CONGRESS CALL NUMBER | |
| Classification number | QD31.3 |
| Item number | .KOT 2009 |
| 100 1# - MAIN ENTRY--PERSONAL NAME | |
| Personal name | Kotz, John C. |
| Relator term | author |
| 245 10 - TITLE STATEMENT | |
| Title | Chemistry & chemical reactivity / |
| Statement of responsibility, etc. | John C. Kotz, Paul M. Treichel and John R. Townsend |
| 246 3# - VARYING FORM OF TITLE | |
| Title proper/short title | Chemistry and chemical reactivity |
| 250 ## - EDITION STATEMENT | |
| Edition statement | 7th ed. / |
| Remainder of edition statement | John R. Townsend. |
| 260 ## - PUBLICATION, DISTRIBUTION, ETC. | |
| Place of publication, distribution, etc. | Belmont, CA : |
| Name of publisher, distributor, etc. | Thomson Brooks/Cole, |
| Date of publication, distribution, etc. | c2009. |
| 300 ## - PHYSICAL DESCRIPTION | |
| Extent | xxvii, 1095, 133, 35 p. : |
| Other physical details | ill. ; |
| Dimensions | 24 cm. |
| 650 #0 - SUBJECT ADDED ENTRY--TOPICAL TERM | |
| Topical term or geographic name entry element | Chemistry |
| Form subdivision | Textbooks. |
| 650 #0 - SUBJECT ADDED ENTRY--TOPICAL TERM | |
| Topical term or geographic name entry element | Chemical reactions |
| Form subdivision | Textbooks. |
| 700 1# - ADDED ENTRY--PERSONAL NAME | |
| Personal name | Treichel, Paul. |
| Relator term | author |
| 700 1# - ADDED ENTRY--PERSONAL NAME | |
| Personal name | Townsend, John Raymond. |
| Relator term | author |
| 906 ## - LOCAL DATA ELEMENT F, LDF (RLIN) | |
| a | 7 |
| b | cbc |
| c | origcop |
| d | 3 |
| e | epcn |
| f | 20 |
| g | y-gencatlg |
| 942 ## - ADDED ENTRY ELEMENTS (KOHA) | |
| Source of classification or shelving scheme | OHIOLINK LIBRARY CATALOG |
| Koha item type | Books |
| Edition | 7th ed. |
| Classification part | 31.3 |
| Item part | KOT |
| Call number prefix | QD |
| Withdrawn status | Lost status | Source of classification or shelving scheme | Damaged status | Not for loan | Collection code | Home library | Current library | Shelving location | Date acquired | Total Checkouts | Full call number | Barcode | Date last seen | Copy number | Price effective from | Koha item type | Inventory number |
|---|---|---|---|---|---|---|---|---|---|---|---|---|---|---|---|---|---|
| Library of Congress Classification | Non-fiction | City Campus Library | City Campus Library | General Stacks | 06/19/2012 | QD31.3 KOT 2009 | 008403 | 11/23/2020 | c. 1 | 11/23/2020 | Books | ||||||
| Library of Congress Classification | Non-fiction | City Campus Library | City Campus Library | General Stacks | 06/19/2012 | QD31.3 KOT 2009 | 008402 | 11/23/2020 | c. 2 | 11/23/2020 | Books | 13364 | |||||
| Library of Congress Classification | Non-fiction | City Campus Library | City Campus Library | General Stacks | 06/19/2012 | QD31.3 KOT 2009 | 008398 | 11/23/2020 | c. 3 | 11/23/2020 | Books | 13365 |